000 00445nam a2200181Ia 4500
003 GCL
008 140319s9999 xx 000 0 eng d
040 _aGCL /
_cGCL
082 0 4 _a843
_bS E
100 1 _aSARTRE, JEAN
245 1 0 _aETUDE DE HUIS CLOS /
_cSARTRE, JEAN
260 _a[S.N] :
_bTHIERRY FERRORO ،
_c1994
300 _a176 P
490 _aMARABOUT
_v0
650 0 4 _aLITERATURE
650 0 4 _aFRENCH LITERATURE
942 _2ddc
_cBK
999 _c22477
_d22477